أعلام الموقعين عن رب العالمين / (رقم التسجيلة. 59853)
[ عرض عادي ]
| 000 -LEADER | |
|---|---|
| fixed length control field | 00626nam a22001937a 4500 |
| 005 - DATE AND TIME OF LATEST TRANSACTION | |
| control field | 20251108171227.0 |
| 008 - FIXED-LENGTH DATA ELEMENTS--GENERAL INFORMATION | |
| fixed length control field | 250721s1988 xx 000 0 ara d |
| 082 14 - DEWEY DECIMAL CLASSIFICATION NUMBER | |
| Classification number | م/216.1/قيم |
| 100 1# - MAIN ENTRY--PERSONAL NAME | |
| Personal name | إبن قيم الجوزيه، شمس الدين أبو عبد الله .... |
| 245 10 - TITLE STATEMENT | |
| Title | أعلام الموقعين عن رب العالمين / |
| 264 1# - PRODUCTION, PUBLICATION, DISTRIBUTION, MANUFACTURE, AND COPYRIGHT NOTICE | |
| Place of production, publication, distribution, manufacture | القاهرة : |
| Name of producer, publisher, distributor, manufacturer | مكتبة إبن تيميه، |
| Date of production, publication, distribution, manufacture, or copyright notice | 1988. |
| 300 ## - PHYSICAL DESCRIPTION | |
| Extent | 4ج |
| 650 17 - SUBJECT ADDED ENTRY--TOPICAL TERM | |
| Topical term or geographic name as entry element | الإسلام |
| 650 17 - SUBJECT ADDED ENTRY--TOPICAL TERM | |
| Topical term or geographic name as entry element | الفقه |
| 650 17 - SUBJECT ADDED ENTRY--TOPICAL TERM | |
| Topical term or geographic name as entry element | الفتوى |
| 700 1# - ADDED ENTRY--PERSONAL NAME | |
| Personal name | الوكيل، عبد الرحمن |
| Relator term | تحقيق |
| 942 ## - ADDED ENTRY ELEMENTS (KOHA) | |
| Source of classification or shelving scheme | Dewey Decimal Classification |
| Koha item type | مراجع |
| حالة السحب | حالة الفقدان | مصدر التصنيف | حالة التلف | غير قابل للإعارة | المكتبة الرئيسية | المكتبة الحالية | موقع الرف | تاريخ التزويد | الرقم المتسلسل | Total Checkouts | رقم الإستدعاء | الباركود | تاريخ آخر ظهور | تاريخ الفاتورة | نوع المادة (كوها) |
|---|---|---|---|---|---|---|---|---|---|---|---|---|---|---|---|
| Dewey Decimal Classification | Not For Loan | مكتبة الجويدة | مكتبة الجويدة | مراجع | 17/06/2015 | (4145) | م/216.1/قيم | PLD00331858 | 28/07/2025 | 17/06/2015 | مراجع | ||||
| Dewey Decimal Classification | Not For Loan | مكتبة الجويدة | مكتبة الجويدة | مراجع | 17/06/2015 | (4146) | م/216.1/قيم | PLD00331859 | 28/07/2025 | 17/06/2015 | مراجع | ||||
| Dewey Decimal Classification | Not For Loan | مكتبة الجويدة | مكتبة الجويدة | مراجع | 17/06/2015 | ]4147[ | م/216.1/قيم | PLD00331860 | 28/07/2025 | 17/06/2015 | مراجع | ||||
| Dewey Decimal Classification | Not For Loan | مكتبة الجويدة | مكتبة الجويدة | مراجع | 17/06/2015 | [4148] | م/216.1/قيم | PLD00331863 | 28/07/2025 | 17/06/2015 | مراجع | ||||
| Dewey Decimal Classification | Not For Loan | مكتبة وادي السير العامة | مكتبة وادي السير العامة | مراجع | 06/07/2004 | 4964 | م/216.1/قيم | 4964 | 28/07/2025 | 06/07/2004 | مراجع | ||||
| Dewey Decimal Classification | Not For Loan | مكتبة وادي السير العامة | مكتبة وادي السير العامة | مراجع | 06/07/2004 | 4965 | م/216.1/قيم | 4965 | 28/07/2025 | 06/07/2004 | مراجع | ||||
| Dewey Decimal Classification | Not For Loan | مكتبة وادي السير العامة | مكتبة وادي السير العامة | مراجع | 06/07/2004 | 4966 | م/216.1/قيم | 4966 | 28/07/2025 | 06/07/2004 | مراجع | ||||
| Dewey Decimal Classification | Not For Loan | مكتبة وادي السير العامة | مكتبة وادي السير العامة | مراجع | 06/07/2004 | 4967 | م/216.1/قيم | 4967 | 28/07/2025 | 06/07/2004 | مراجع |